| 000 | 00805nam a2200265 i 4500 | ||
|---|---|---|---|
| 003 | DO-SdBNP | ||
| 005 | 20240311134752.0 | ||
| 007 | ta | ||
| 008 | 240311b19-? sp ||||| |||| 00| 0 spa d | ||
| 040 |
_aDO-SdBNP _bspa _cBNPHU _erda |
||
| 049 | _aBNGR | ||
| 082 | 4 |
_bV816e _222 |
|
| 100 | 1 |
_aMaro, Publio Virgilio, _952866 _eautor |
|
| 245 | 1 | 0 |
_aEneida / _cPublio Virgilio Maron ; traducción, Miguel Antonio Caro |
| 264 |
_aMadrid : _bPerlado, Páez y C. _c19-?. |
||
| 300 |
_avolumen ; _c18 cm. |
||
| 336 |
_2rdacontent _atexto _btxt |
||
| 337 |
_2rdamedia _asin mediación _bn |
||
| 338 |
_2rdacarrier _avolumen _bnc |
||
| 500 | _aLa biblioteca posee el volumen 2 | ||
| 590 | _aInventariado, 2024/BT | ||
| 700 |
_aCaro, Miguel Antonio, _etraducción _985001 |
||
| 910 | _aBtavárez | ||
| 942 |
_2ddc _cLBS1 |
||
| 999 |
_c56064 _d56064 |
||